=LDR 00000nam 2200000 4500 =001 INLIS000000000034881 =005 20170503104314 =035 ##$$a 0010-061300000034881 =008 170503###########################0#ind## =041 ##$$a ind =082 ##$$a 909.03 =090 ##$$a R.909.03, Ens e =245 1#$$a Ensiklopedi bergambar sejarah dunia, Penerjemah,munir;Editor, Agus Salim : $b petualangan - petualangan berbahaya peninggalan- peninggalan peradaban dunia, para pemimpin dan tokoh-tokoh dunia peperangan dan para prajurit terkenal =260 ##$$a 2008 :$b Bandung =300 ##$$a 80 Hlm, Ilus, 25 cm =650 ##$$a Sejarah Dunia, Ensiklopedi =850 ##$$a NBPNMAT =100 #$$a tim nuansa =990 ##$$a 0001/BPAP-NTB/20142014 =990 ##$$a 76847684 =990 ##$$a 0001/BPAP-NTB/20142014 =990 ##$$a 01201707684